000
00304nam a2200121Ia 4500
008
220216s9999 xx 000 0 und d
100
_a
Schidrowitz P
245
0
_a
Industrial application of rubber latex
260
_b
IRI Transactions
_c
1928
300
_a
362-368
650
_a
Rubber latex
942
_c
JS
999
_c
61155
_d
61155